=LDR 00000nam 2200000 4500 =001 INLIS000000000040911 =005 20130612150451 =008 ***********************************ind** =035 ##$$0010-061300000040911 =041 ##$$a ind =082 ##$$a 951.2 =090 ##$$a 951.2, She k =100 ##$$a Shen Jiji =245 ##$$a Kepustakaan klasikChina, Kisah-kisah pilihan dari dinasti Tang/ Shen Jiji =260 ##$$a 2011 $b Jakarta =300 ##$$a 208 hlm., ilus., 21 cm =650 ##$$a China - Sejarah =850 ##$$a NBPNMAT =990 ##$$a 0001/BPAP-NTB/2015 =990 ##$$a 0001/BPAP-NTB/2015